| Tag |
First Indicator |
Second Indicator |
Subfields |
| LEADER |
00000cam a2200000 a 4500 |
| 001 |
in00002459521 |
| 005 |
20220106092424.0 |
| 006 |
m d f |
| 007 |
cr bn||||||||| |
| 008 |
090305s2009 dcua ob f000 0 eng c |
| 035 |
|
|
|a (OCoLC)ocn312475503
|
| 037 |
|
|
|a 552-070-38676-9
|b GPO
|f paper
|
| 040 |
|
|
|a GPO
|c GPO
|d OCLCQ
|d GPO
|d MvI
|d UtOrBLW
|
| 042 |
|
|
|a pcc
|
| 043 |
|
|
|a n-us---
|
| 049 |
|
|
|a WWW
|
| 050 |
1 |
4 |
|a KF27
|b .I524 2008f
|
| 074 |
|
|
|a 1023-C (online)
|
| 086 |
0 |
|
|a Y 4.R 31/3:110-84
|
| 088 |
|
|
|a Serial no. 110-84 (United States. Congress. House. Committee on Natural Resources)
|
| 110 |
1 |
|
|a United States.
|b Congress.
|b House.
|b Committee on Natural Resources.
|b Subcommittee on Fisheries, Wildlife, and Oceans.
|
| 245 |
1 |
0 |
|a Impacts of U.S. consumer demand on the illegal and unsustainable trade of wildlife products :
|b oversight hearing before the Subcommittee on Fisheries, Wildlife, and Oceans of the Committee on Natural Resources, U.S. House of Representatives, One Hundred Tenth Congress, second session, Tuesday, September 16, 2008.
|
| 246 |
3 |
|
|a Impacts of US consumer demand on the illegal and unsustainable trade of wildlife products
|
| 264 |
|
1 |
|a Washington :
|b U.S. G.P.O.,
|c 2009.
|
| 300 |
|
|
|a 1 electronic text (iii, 37 pages) :
|b HTML, digital, PDF file.
|
| 336 |
|
|
|a text
|b txt
|2 rdacontent
|
| 337 |
|
|
|a computer
|b c
|2 rdamedia
|
| 338 |
|
|
|a online resource
|b cr
|2 rdacarrier
|
| 500 |
|
|
|a Title from title screen (viewed on Mar. 5, 2009).
|
| 500 |
|
|
|a Paper version available for sale by the Supt. of Docs., U.S. G.P.O.
|
| 538 |
|
|
|a Mode of access: Internet from the GPO Access web site. Addresses as of 3/5/09: http://frwebgate.access.gpo.gov/cgi-bin/getdoc.cgi?dbname=110%5Fhouse%5Fhearings&docid=f:44484.wais (text version), http://frwebgate.access.gpo.gov/cgi-bin/getdoc.cgi?dbname=110%5Fhouse%5Fhearings&docid=f:44484.pdf (PDF version) ; current access available via PURL.
|
| 500 |
|
|
|a Title from title screen (viewed Mar. 5, 2009).
|
| 500 |
|
|
|a Paper version available for sale by the Supt. of Docs., U.S.G.P.O.
|
| 504 |
|
|
|a Includes bibliographical references.
|
| 500 |
|
|
|a "Serial number 110-84."
|
| 500 |
|
|
|a Electronic resource.
|
| 650 |
|
0 |
|a Wildlife smuggling
|z United States
|x Prevention.
|
| 650 |
|
0 |
|a Wildlife products industry
|x Corrupt practices.
|
| 776 |
0 |
8 |
|i Print version:
|a United States. Congress. House. Committee on Natural Resources. Subcommittee on Fisheries, Wildlife, and Oceans.
|t Impacts of U.S. consumer demand on the illegal and unsustainable trade of wildlife products
|w (DLC) 2009376327
|w (OCoLC)312474934
|
| 776 |
0 |
8 |
|i Microfiche:
|a United States. Congress. House. Committee on Natural Resources. Subcommittee on Fisheries, Wildlife, and Oceans.
|t Impacts of U.S. consumer demand on the illegal and unsustainable trade of wildlife products
|w (OCoLC)459797323
|
| 856 |
4 |
0 |
|3 Text version
|u https://purl.fdlp.gov/GPO/LPS109788
|t 0
|
| 856 |
4 |
0 |
|3 PDF version
|u https://purl.fdlp.gov/GPO/LPS109789
|t 0
|
| 999 |
|
|
|a MARS
|
| 999 |
f |
f |
|s d3238af0-80fe-3ef2-9d25-f8bbbf17f69d
|i de137cd7-fc26-36ad-999b-3f6107a1c7b3
|t 0
|
| 952 |
f |
f |
|a Texas A&M University
|b College Station
|c Electronic Resources
|d Available Online
|t 0
|e Y 4.R 31/3:110-84
|h Superintendent of Documents classification
|
| 998 |
f |
f |
|a Y 4.R 31/3:110-84
|t 0
|l Available Online
|